00722nam a2200241Ia 450000500170000000800410001702000180005804100120007608200160008810000250010424501000012925000120022926000550024130000200029665000290031665000180034565000210036370000210038470000200040570000170042570000210044270000170046320260429112020.0260429s9999||||xx |||||||||||||| ||und|| a9781032782164 aEnglish a006.31bNYA aNyamawe, Ignatius G. 0aPractical machine learning : ba beginner's guide with ethical insights / cIgnatius G. Nyamawe a1st ed. aBoca Raton : bCRC Press/ Chapman and Hall,c2025. axii, 213 p.; hb a Artificial intelligence a Ethics in AI aMachine learning a Diwani, Hussein a Malyango, Jema a Minja, Elia a Mjahidi, Hamisi a Nnko, Neema